|
|
|
|
| LEADER |
00806nta a2200205 i 4500 |
| 001 |
dipl136372 |
| 005 |
20230909124030.0 |
| 008 |
230909s2022 hu om 0|| hun d |
| 040 |
|
|
|a SZTE Diploma Repozitórium
|b hun
|
| 041 |
|
|
|a hun
|
| 100 |
1 |
|
|a Bakó Csenge
|
| 245 |
1 |
0 |
|a Termálvíz tározó baktérium összetételének metagenomikai vizsgálata
|h [elektronikus dokumentum] /
|c Csenge Bakó
|
| 246 |
1 |
0 |
|a Metagenomic investigation of the bacterial consortium of a termal water reservoir
|h [elektronikus dokumentum]
|
| 260 |
|
|
|c 2022
|
| 650 |
|
4 |
|a Természettudományok
|
| 650 |
|
4 |
|a Natural sciences
|
| 650 |
|
4 |
|a Biological sciences
|
| 700 |
0 |
1 |
|a Laczi Krisztián
|e ths
|
| 700 |
0 |
1 |
|a Kós Péter Balázs
|e ths
|
| 856 |
4 |
0 |
|u https://diploma.bibl.u-szeged.hu/id/eprint/136372/1/2022_bako_csenge.pdf
|z Dokumentum-elérés
|